00301nam a22000977a 4500082001200000100001700012245007500029260004100104650002700145700003100172 a200 THE aTalha Ahmed  aTH-SOF-1692-Performance Augmentation of Wing through Fluidic Actuation aISLAMABADbNUST COLLEGE OF EMEc2019 aMS-MECH-2016 MSTHESIS aSupervisor Dr Imran Akhtar